000
00264nam a2200109Ia 4500
008
190907s9999||||xx |||||||||||||| ||und||
100
_a
Charles Baden
245
0
_a
Strategic Innovation
260
_a
New York
_b
Prentice Hall Inc.
_c
1996
300
_a
461
942
_c
BK
999
_c
6370
_d
6370